[Event "Reykjavik op"]
[Site "Reykjavik"]
[Date "2018.03.12"]
[Round "7"]
[White "Henderson Jr, SE."]
[Black "Fivelstad, Jon Olav"]
[Result "0-1"]
[WhiteElo "1582"]
[BlackElo "1916"]
[PlyCount "62"]
[EventDate "2018.03.06"]
[EventType "swiss"]
[EventRounds "9"]
[EventCountry "ISL"]
[SourceTitle "CBM 183 Extra"]
[Source "ChessBase"]
[SourceDate "2018.04.19"]
[SourceVersion "1"]
[SourceVersionDate "2018.04.19"]
[SourceQuality "1"]

1. e4 c5 2. Nf3 d6 3. d4 cxd4 4. Nxd4 Nf6 5. Nc3 a6 6. Be2 g6 7. Be3 Bg7 8. Qd2 h5 9. h4 Nbd7 10. f4 Nc5 11. Bf3 Ng4 12. Bg1 0-0 13. 0-0-0 Bd7 14. Kb1 Rc8 15. Qe2 b5 16. f5 e5 17. fxe6 Nxe6 18. Bxg4 Nxd4 19. Bxd4 Bxg4 20. Qf2 Bxd1 21. Bxg7 Bxc2+ 22. Kxc2 Kxg7 23. Kb1 Qf6 24. Qe3 Rfe8 25. g4 Qe5 26. gxh5 Qxh5 27. Rd1 Qc5 28. Qd3 b4 29. Na4 Qc4 30. Qxd6 Qc2+ 31. Ka1 Qc1+ 0-1

[Event "Reykjavik op"]
[Site "Reykjavik"]
[Date "2018.03.08"]
[Round "4"]
[White "Ebner, Johann"]
[Black "Henderson Jr, SE."]
[Result "1-0"]
[WhiteElo "2070"]
[BlackElo "1582"]
[PlyCount "81"]
[EventDate "2018.03.06"]
[EventType "swiss"]
[EventRounds "9"]
[EventCountry "ISL"]
[SourceTitle "CBM 183 Extra"]
[Source "ChessBase"]
[SourceDate "2018.04.19"]
[SourceVersion "1"]
[SourceVersionDate "2018.04.19"]
[SourceQuality "1"]

1. d4 Nf6 2. c4 e6 3. Nf3 d5 4. Nc3 Nbd7 5. Bf4 c6 6. e3 Bb4 7. Qb3 Be7 8. Bd3 0-0 9. h3 Re8 10. 0-0 dxc4 11. Bxc4 Nf8 12. e4 h6 13. Rfd1 Qb6 14. Qc2 Bb4 15. a3 Bxc3 16. bxc3 Qa5 17. Bd3 c5 18. Ne5 Bd7 19. Qb2 cxd4 20. cxd4 Bc6 21. Nxc6 bxc6 22. Rdc1 Rac8 23. Rc5 Qb6 24. Qc3 N8d7 25. Rb1 Qd8 26. Ra5 Ra8 27. Ra6 c5 28. dxc5 Nxc5 29. Rd6 Qc8 30. Qc2 Nxd3 31. Qxd3 Qc7 32. Be3 Nxe4 33. Rd7 Nc5 34. Rxc7 Nxd3 35. Rbb7 Ne5 36. Bc1 Nd3 37. Rxf7 e5 38. Rxg7+ Kh8 39. Rh7+ Kg8 40. Be3 a5 41. Rbg7+ 1-0